000 00594nam a2200181Ia 4500
003 GCL
008 140319s9999 xx 000 0 ara d
040 _aGCL /
_cGCL
082 0 4 _a646.74
_bل م
100 1 _aلجنة التعريب والترجمة بالدار
245 1 0 _aما يلائم حياتك الصحية ويبعد عنك الامراض والترهل /
_cلجنة التعريب والترجمة بالدار
300 _a86 ص
490 _aسلاسل سوفنير
_v0
650 0 4 _aالتغذية
650 0 4 _aالرجيم
650 0 4 _aالاغذية
942 _2ddc
_cBK
999 _c47792
_d47792